<The> Impact of Innovation Performance on the Competitiveness of the Visegrad 4 Countries
Vplyv inovácií na medzinárodnú pozíciu konkurencieschopnosti krajín V4 sledovanú globálnym ekonomickým fórom prostredníctvom indexu globálnej konkurencieschopnosti (GCI). Analýza uskutočnená pomocou ekonomicko-štatistických metód: porovnávacie a korelačné analýzy a logická dedukcia. Dáta získané zo...
Saved in:
| Main Author: | |
|---|---|
| Other Authors: | |
| Format: | Book Chapter |
| Language: | English |
| Subjects: | |
| Tags: |
No Tags, Be the first to tag this record!
|
MARC
| LEADER | 00000nla a2200000 4500 | ||
|---|---|---|---|
| 001 | 0241853 | ||
| 005 | 20240417075135.3 | ||
| 041 | 0 | |a eng | |
| 044 | |a CZ | ||
| 245 | 1 | 0 | |a <The> Impact of Innovation Performance on the Competitiveness of the Visegrad 4 Countries |c Eva Ivanová, Martin Čepel |
| 520 | |a Vplyv inovácií na medzinárodnú pozíciu konkurencieschopnosti krajín V4 sledovanú globálnym ekonomickým fórom prostredníctvom indexu globálnej konkurencieschopnosti (GCI). Analýza uskutočnená pomocou ekonomicko-štatistických metód: porovnávacie a korelačné analýzy a logická dedukcia. Dáta získané zo svetového ekonomického fóra (WEF), európskeho inovatívneho "scoreboard" (EIS), a z databázy Eurostatu. | ||
| 610 | 2 | 0 | |a konkurencieschopnosť |
| 610 | 2 | 0 | |a inovácie technologické |
| 610 | 2 | 0 | |a výkonnosť inovačná |
| 610 | 2 | 0 | |a indexy |
| 610 | 2 | 0 | |a štatistika ekonomická |
| 610 | 2 | 0 | |a analýza korelačná |
| 610 | 2 | 0 | |a analýza komparatívna |
| 610 | 2 | 0 | |a Vyšehradská štvorka |
| 100 | 1 | |a Ivanová, Eva | |
| 700 | 1 | |a Čepel, Martin | |